[Event "Lansing op"]
[Site "Lansing"]
[Date "2002.09.01"]
[Round "5"]
[White "Hazzard, William"]
[Black "Le Master, Terry"]
[Result "0-1"]
[WhiteElo "1573"]
[BlackElo "1784"]
[PlyCount "62"]
[EventDate "2002.08.30"]
[EventType "swiss"]
[EventRounds "7"]
[EventCountry "USA"]
[SourceTitle "EXT 2007"]
[Source "ChessBase"]
[SourceDate "2006.11.23"]
[SourceVersion "1"]
[SourceVersionDate "2006.11.23"]
[SourceQuality "1"]

1. d4 Nf6 2. c4 g6 3. Nc3 Bg7 4. e4 d6 5. Be3 0-0 6. Qd2 Ng4 7. Bg5 f6 8. h3 Nxf2 9. Qxf2 fxg5 10. Qe3 e5 11. d5 Qf6 12. g3 Qxf1+ 13. Kd2 Qxa1 14. Kc2 Qf1 15. Qxg5 Qg2+ 16. Nge2 Qxh1 17. Qe7 Qxh3 18. Qxc7 Qd7 19. Qa5 b6 20. Qa3 Na6 21. Nb5 Nc5 22. Qe3 Ba6 23. Nec3 Rac8 24. b3 Nxe4 25. Nxe4 Bxb5 26. Kc3 Bxc4 27. bxc4 Qa4 28. Nxd6 Rf3 29. Qxf3 Qa3+ 30. Kc2 Rxc4+ 31. Nxc4 Qxf3 0-1

[Event "Lansing op"]
[Site "Lansing"]
[Date "2001.09.01"]
[Round "3"]
[White "Le Master, Terry"]
[Black "Steen, Harold"]
[Result "1-0"]
[WhiteElo "1738"]
[BlackElo "1602"]
[PlyCount "69"]
[EventDate "2001.08.31"]
[EventType "swiss"]
[EventRounds "7"]
[EventCountry "USA"]
[SourceTitle "EXT 2007"]
[Source "ChessBase"]
[SourceDate "2006.11.23"]
[SourceVersion "1"]
[SourceVersionDate "2006.11.23"]
[SourceQuality "1"]

1. e4 c6 2. d4 d5 3. exd5 cxd5 4. Bd3 Nf6 5. Bf4 Nc6 6. c3 Bg4 7. Nf3 e6 8. Nbd2 Bd6 9. Bg3 0-0 10. 0-0 e5 11. dxe5 Nxe5 12. Bxe5 Bxe5 13. Qc2 Bd6 14. Nd4 a6 15. N2f3 Qc7 16. a4 Rfe8 17. Rfe1 Rac8 18. h3 Bxf3 19. Nxf3 Qb6 20. Ng5 g6 21. Nf3 Nh5 22. Rad1 Nf4 23. Bf1 Bc5 24. g3 Ne6 25. Rxd5 Qc6 26. Red1 Qc7 27. Kg2 b6 28. Bxa6 Ra8 29. Rd7 Qb8 30. Bb5 Rd8 31. Qe4 Ra7 32. Rxd8+ Nxd8 33. Qe8+ Kg7 34. Rxd8 Qc7 35. Rd7 1-0